La Integració en la ramaderia a Catalunya / Josep Aldomà i Buixadé, Josep Villarreal i Moreno, Lluís Viñas i Folch
Publicado:
[Barcelona] :
Generalitat de Catalunya, Departament d'Agricultura, Ramaderia i Pesca : Servei Central de Publicacions de la Generalitat, DL 1983
Descripción Física:
143 p. : il. ; 24 cm
MARC
| LEADER | 00000nam a2200000Ia 4500 | ||
|---|---|---|---|
| 001 | 1135 | ||
| 008 | 160829s9999 xx 000 0 cat d | ||
| 080 | |a C-1-235 | ||
| 100 | |a Aldomà i Buixadé, Josep |9 25284 | ||
| 245 | |a La Integració en la ramaderia a Catalunya / Josep Aldomà i Buixadé, Josep Villarreal i Moreno, Lluís Viñas i Folch | ||
| 260 | |a [Barcelona] : |b Generalitat de Catalunya, Departament d'Agricultura, Ramaderia i Pesca : |b Servei Central de Publicacions de la Generalitat, DL 1983 | ||
| 300 | |a 143 p. : |b il. ; |c 24 cm | ||
| 650 | |a Bestiar |x Catalunya |x Aspectes econòmics |9 32572 | ||
| 650 | |a Indústria ramadera |x Catalunya |x Aspectes econòmics |9 32573 | ||
| 700 | |a Villarreal i Moreno, Josep |9 32574 | ||
| 700 | |a Viñas i Folch, Lluís |9 32575 | ||
| 901 | |a Arxiu | ||
| 942 | |n 1 | ||
| 952 | |0 0 |1 0 |4 0 |6 C1235 |7 1 |9 46037 |a Arxiu |b Arxiu |d 2016-12-01 |l 0 |o C-1-235 |p 1135 |r 2016-12-01 00:00:00 |w 2016-12-01 |y ARXIU | ||
| 999 | |c 49538 |d 49538 | ||